[Event "Masters' trophy"]
[Site "Brussels"]
[Date "1987.12.??"]
[Round "7"]
[White "Sharif, Mehrshad"]
[Black "Pein, Malcolm Bernard"]
[Result "1/2-1/2"]
[WhiteElo "2440"]
[BlackElo "2385"]
[WhiteTitle "IM"]
[Source "365chess.com"]
[EventDate "1987.12.20"]
[BlackTitle "IM"]

1. e4 e5 2. Nf3 Nc6 3. Bc4 Nf6 4. d3 Be7 5. O-O O-O 6. Bb3 h6 7. h3 Re8 8. Re1
Bf8 9. a3 d6 10. Nbd2 g6 11. Nf1 Bg7 12. Ng3 Qe7 13. c3 Bd7 14. Be3 a6 15. d4
Qf8 16. Bc2 Rad8 17. Qb1 Bc8 18. Qa2 b6 19. Rad1 d5 20. Nxe5 Nxe5 21. dxe5 Nxe4
22. Nxe4 dxe4 23. Rxd8 Rxd8 24. Bxe4 Bxe5 25. Qc4 1/2-1/2

[Event "Masters' trophy"]
[Site "Brussels"]
[Date "1987.12.??"]
[Round "8"]
[White "Bellón López, Juan Manuel"]
[Black "Hergott, Deen"]
[Result "1-0"]
[WhiteElo "2380"]
[BlackElo "2300"]
[WhiteTitle "GM"]
[Source "365chess.com"]
[EventDate "1987.12.20"]

1. d4 g6 2. Nf3 Bg7 3. c4 c5 4. d5 d6 5. Nc3 Bxc3+ 6. bxc3 f5 7. Bg5 h6 8. Bd2
Nf6 9. Qc2 Ne4 10. g4 Qa5 11. Nh4 Nxd2 12. Kxd2 Rg8 13. gxf5 g5 14. f6 Nd7
15. f7+ Kxf7 16. Nf5 Ne5 17. Nxh6+ Kg7 18. Nxg8 Nxc4+ 19. Ke1 Bf5 20. Qc1 Rxg8
21. Qxg5+ Kh8 22. Qh4+ Bh7 23. Qxc4 Rg7 24. Qb3 c4 25. Qb2 Qxd5 26. f3 1-0

[Event "Masters' trophy"]
[Site "Brussels"]
[Date "1987.12.??"]
[Round "8"]
[White "Boey, Jozef Martin"]
[Black "Sharif, Mehrshad"]
[Result "1/2-1/2"]
[WhiteElo "2390"]
[BlackElo "2440"]
[WhiteTitle "IM"]
[Source "365chess.com"]
[EventDate "1987.12.20"]
[BlackTitle "IM"]

1. e4 e5 2. Nf3 Nc6 3. Bb5 Nf6 4. O-O Nxe4 5. d4 Be7 6. Qe2 Nd6 7. Bxc6 bxc6
8. dxe5 Nb7 9. c4 O-O 10. Nc3 f6 11. Be3 Qe8 12. exf6 Bxf6 13. Bd4 Qxe2 1/2-1/2

[Event "Masters' trophy"]
[Site "Brussels"]
[Date "1987.12.??"]
[Round "8"]
[White "Carlier, Bruno"]
[Black "Dutreeuw, Marc"]
[Result "1/2-1/2"]
[WhiteElo "2380"]
[BlackElo "2400"]
[WhiteTitle "FM"]
[Source "365chess.com"]
[EventDate "1987.12.20"]

1. e4 e5 2. Nf3 Nf6 3. Nxe5 d6 4. Nf3 Nxe4 5. d4 d5 6. Bd3 Be7 7. O-O Nd6
8. Ne5 O-O 9. Re1 Bf5 10. Bf1 Re8 11. Nc3 c6 12. Ne2 f6 13. Nd3 Bf8 14. Ng3 Rxe1
15. Qxe1 Bg6 16. c3 Nd7 17. Nf4 Bf7 18. Bd3 Qb6 19. Qd1 Re8 20. b3 g6 21. Be3
Ne4 22. Qc2 f5 23. Nfe2 Qd8 24. Nf1 Bg7 25. f3 Ng5 26. Qd2 Ne6 27. Bc2 Qf6
28. Nf4 Nef8 29. Nd3 Ne6 30. Nf4 Nef8 31. Nd3 Ne6 32. Ng3 b6 33. b4 Ra8 34. f4
a5 35. Ne5 Nxe5 36. dxe5 Qd8 37. Qf2 axb4 38. Bxb6 Qe7 39. Bxf5 gxf5 40. Nxf5
Qf8 41. cxb4 Qxb4 42. Nxg7 Nxg7 43. Rc1 Qe4 44. h3 d4 45. Qxd4 Qxd4+ 46. Bxd4
Rxa2 47. g4 Ne6 48. Be3 Re2 49. Rc3 Nc7 50. Rxc6 Nd5 51. Bc1 Ne7 52. Rc3 Ng6
53. e6 Rxe6 54. f5 Re2 55. fxg6 Bxg6 56. Rc7 Rc2 1/2-1/2

[Event "Masters' trophy"]
[Site "Brussels"]
[Date "1987.12.??"]
[Round "8"]
[White "Flear, Glenn Curtis"]
[Black "Fedorowicz, John Peter"]
[Result "1-0"]
[WhiteElo "2480"]
[BlackElo "2520"]
[WhiteTitle "GM"]
[Source "365chess.com"]
[EventDate "1987.12.20"]
[BlackTitle "GM"]

1. d4 Nf6 2. c4 c5 3. d5 b5 4. cxb5 a6 5. e3 g6 6. Nc3 Bg7 7. Nf3 O-O 8. a4 Bb7
9. Ra3 e6 10. dxe6 fxe6 11. Qd6 Ne4 12. Nxe4 Bxe4 13. Bd3 Bb7 14. Qxc5 axb5
15. axb5 d6 16. Qb4 Qc7 17. O-O Nd7 18. Rxa8 Rxa8 19. Bd2 Nc5 20. Bc2 Qb6
21. Bc3 Bxc3 22. bxc3 Bxf3 23. gxf3 Ra2 24. Rc1 Ra5 25. c4 Ra2 26. Qc3 Qd8
27. Ra1 Qg5+ 28. Kf1 Rxa1+ 29. Qxa1 Qh4 30. Qd4 Qd8 31. f4 Qc7 32. Qf6 Qa5
33. Qd4 Qc7 34. Kg1 Nd7 35. Be4 Nc5 36. Bc6 Qd8 37. h3 Kf7 38. Kg2 h6 39. Bf3 g5
40. Bh5+ Kg8 41. f5 1-0

[Event "Masters' trophy"]
[Site "Brussels"]
[Date "1987.12.??"]
[Round "8"]
[White "Geenen, Marc"]
[Black "Gutman, Lev"]
[Result "0-1"]
[WhiteElo "2295"]
[BlackElo "2475"]
[Source "365chess.com"]
[EventDate "1987.12.20"]
[BlackTitle "GM"]

1. e4 c6 2. d4 Na6 3. Nc3 Nc7 4. Bf4 Nf6 5. Bd3 d6 6. Nge2 Nd7 7. Bg5 h6 8. Bh4
g5 9. Bg3 e5 10. Qd2 Qf6 11. Bc4 b5 12. Bb3 a5 13. a4 b4 14. Nd1 exd4 15. Nxd4
Ne5 16. Ne3 Ba6 17. O-O-O O-O-O 18. Rhe1 h5 19. Ndf5 Ne6 20. h4 g4 21. Kb1 Nc5
22. Qd4 Rd7 23. Nc4 Bxc4 24. Bxc4 Rg8 25. b3 Rg6 26. Bf4 Qd8 27. Kc1 Qc7 28. Ng3
Bg7 29. Qe3 Nxc4 30. bxc4 Nxa4 31. Nxh5 Bb2+ 32. Kb1 Be5 33. Bxe5 dxe5 34. Rxd7
Qxd7 35. Ng3 Rd6 36. Nf5 Rd1+ 37. Rxd1 Nc3+ 38. Kb2 Nxd1+ 0-1

[Event "Masters' trophy"]
[Site "Brussels"]
[Date "1987.12.??"]
[Round "8"]
[White "Karólyi, Tibor"]
[Black "Kudrin, Sergey"]
[Result "1/2-1/2"]
[WhiteElo "2435"]
[BlackElo "2515"]
[WhiteTitle "IM"]
[Source "365chess.com"]
[EventDate "1987.12.20"]
[BlackTitle "GM"]

1. d4 Nf6 2. c4 g6 3. Nc3 d5 4. Nf3 Bg7 5. Qb3 dxc4 6. Qxc4 O-O 7. e4 Bg4
8. Be3 Nfd7 9. O-O-O c5 10. dxc5 Qa5 11. Kb1 Nc6 12. Be2 b5 13. cxb6 axb6
14. Nd4 Nxd4 15. Bxd4 b5 16. Qxb5 Qxb5 17. Bxb5 Bxd1 18. Rxd1 Bxd4 19. Rxd4 Nb6
20. a4 Rfd8 21. Rb4 Rab8 22. Kc2 Nc8 23. Rb3 1/2-1/2

[Event "Masters' trophy"]
[Site "Brussels"]
[Date "1987.12.??"]
[Round "8"]
[White "Pein, Malcolm Bernard"]
[Black "Rajković, Dušan"]
[Result "0-1"]
[WhiteElo "2385"]
[BlackElo "2480"]
[WhiteTitle "IM"]
[Source "365chess.com"]
[EventDate "1987.12.20"]
[BlackTitle "GM"]

1. d4 Nf6 2. c4 e6 3. Nc3 Bb4 4. e3 c5 5. Bd3 d5 6. cxd5 Nxd5 7. Ne2 cxd4
8. exd4 O-O 9. O-O Nc6 10. Bc2 Be7 11. Qd3 Nf6 12. a3 b6 13. Bg5 g6 14. Rad1 Bb7
15. Qh3 Re8 16. Bb3 Nd5 17. Bxe7 Ncxe7 18. Ne4 Nf5 19. Qd3 Rc8 20. N2g3 Rc7
21. Qd2 Kg7 22. Nxf5+ exf5 23. Nc3 Nxc3 24. bxc3 Qd6 25. Qa2 Ba6 26. c4 Rec8
27. c5 bxc5 28. dxc5 Qxc5 29. Rfe1 Qc3 30. Bd5 Rb8 31. h3 Rb2 32. Qa1 Qf6
33. Rb1 Rd2 34. Qxf6+ Kxf6 35. Bb3 Rc3 36. Rec1 Rdd3 37. Rxc3 Rxc3 38. f4 Bd3
39. Rb2 Be4 40. Kf2 h6 41. h4 Ke7 42. a4 f6 43. Bd1 Rc1 44. Be2 Rc2 45. Rxc2
Bxc2 46. Bb5 Kd6 47. a5 Kc5 48. Be8 g5 49. fxg5 fxg5 50. Bg6 g4 51. Be8 Kb4
52. a6 Ka5 53. Ke3 Kxa6 54. g3 Ka5 55. Ke2 Ba4 56. Bg6 Bd7 57. Ke3 Kb5 58. Bf7
Kc5 0-1

[Event "Masters' trophy"]
[Site "Brussels"]
[Date "1987.12.??"]
[Round "8"]
[White "Piket, Jeroen"]
[Black "Kouatly, Bachar"]
[Result "1/2-1/2"]
[WhiteElo "2450"]
[BlackElo "2470"]
[WhiteTitle "IM"]
[Source "365chess.com"]
[EventDate "1987.12.20"]
[BlackTitle "IM"]

1. d4 Nf6 2. Nf3 g6 3. Bf4 Bg7 4. e3 O-O 5. Be2 c5 6. c3 d5 7. O-O Nc6 8. h3
Nd7 9. Nbd2 e5 10. dxe5 Ndxe5 11. Nxe5 Nxe5 12. Nf3 Nc6 13. Qb3 d4 14. Rad1 Qe7
15. Bb5 Be6 16. Qa3 Rfc8 17. exd4 cxd4 18. Bd6 Qd8 19. Bxc6 Rxc6 20. Be7 Qe8
21. Nxd4 Ra6 22. Qb4 Rb6 23. Qa3 Ra6 1/2-1/2

[Event "Masters' trophy"]
[Site "Brussels"]
[Date "1987.12.??"]
[Round "9"]
[White "Boey, Jozef Martin"]
[Black "Jadoul, Michel"]
[Result "1/2-1/2"]
[WhiteElo "2390"]
[BlackElo "2340"]
[WhiteTitle "IM"]
[Source "365chess.com"]
[EventDate "1987.12.20"]
[BlackTitle "IM"]

1. e4 c6 2. d4 d5 3. Nd2 g6 4. Ngf3 Bg7 5. h3 Nd7 6. Bd3 c5 7. exd5 cxd4 8. Nb3
Ngf6 9. Nbxd4 Nxd5 10. O-O O-O 11. Bc4 1/2-1/2

[Event "Masters' trophy"]
[Site "Brussels"]
[Date "1987.12.??"]
[Round "9"]
[White "Dutreeuw, Marc"]
[Black "Sharif, Mehrshad"]
[Result "1/2-1/2"]
[WhiteElo "2400"]
[BlackElo "2440"]
[Source "365chess.com"]
[EventDate "1987.12.20"]
[BlackTitle "IM"]

1. e4 e5 2. Nf3 Nc6 3. Bb5 Nf6 4. O-O Nxe4 5. Re1 Nd6 6. Nxe5 Be7 7. Bf1 Nxe5
8. Rxe5 O-O 9. d4 Bf6 10. Re1 Nf5 11. d5 d6 12. Nd2 Nh4 13. Ne4 Be7 14. g3 Ng6
15. f4 c6 16. Be3 f5 17. Nd2 c5 18. a4 Bd7 19. Nc4 b6 20. c3 Qc7 21. b4 Bf6
22. Ra3 cxb4 23. cxb4 b5 24. Na5 bxa4 25. Nc6 a6 26. Rxa4 Ne7 27. Nxe7+ Bxe7
28. Rxa6 Rxa6 29. Bxa6 Ra8 30. b5 Qc4 31. Qc1 Qxd5 32. Qc7 Rd8 33. Rc1 Qd3
34. Qc4+ Qxc4 35. Rxc4 d5 36. Rc1 d4 37. Bf2 d3 38. Bb6 Rb8 39. Bc7 Bxb5
40. Bxb8 Bxa6 41. Ba7 d2 42. Rd1 Bb4 43. Kf2 Bd3 1/2-1/2

[Event "Masters' trophy"]
[Site "Brussels"]
[Date "1987.12.??"]
[Round "9"]
[White "Gutman, Lev"]
[Black "Bellón López, Juan Manuel"]
[Result "1/2-1/2"]
[WhiteElo "2475"]
[BlackElo "2380"]
[WhiteTitle "GM"]
[Source "365chess.com"]
[EventDate "1987.12.20"]
[BlackTitle "GM"]

1. Nf3 e6 2. g3 b5 3. Bg2 Bb7 4. O-O Be7 5. c3 a5 6. Na3 b4 7. Nc4 d5 8. Nce5
f6 9. Nd3 e5 10. Nde1 Nh6 11. Kh1 O-O 12. d4 e4 13. Ng1 Nf7 14. Nh3 f5 15. f3
Ra6 16. Nc2 Nd7 17. cxb4 axb4 18. Bd2 Rb6 19. b3 c5 20. dxc5 Bxc5 21. Be3 Qe7
22. Bxc5 Nxc5 23. Nd4 Ne5 24. Qd2 g6 25. Qe3 Re8 26. Rfd1 Qf8 27. Qg1 Ba6
28. Nf4 Rb7 29. Rac1 exf3 30. exf3 g5 31. Nxd5 Ned3 32. Rc2 Rd7 33. Rxc5 Nxc5
34. Nxb4 Bb7 35. Nbc2 g4 36. fxg4 fxg4 37. Bxb7 Rxb7 38. Qf1 Rf7 39. Qc4 Ne4
40. Rf1 Nd6 41. Qd5 Re5 42. Rxf7 Nxf7 43. Qc4 Kh8 44. Qf1 Qa8+ 45. Kg1 Kg8
46. Qf4 h5 47. a4 Qd5 48. Ne3 Qc5 49. Ndc2 Ng5 50. Kf1 Ne4 51. Kg1 Nd2 52. b4
Qa7 53. Kf2 Ne4+ 54. Kg2 Re6 55. Qf5 Qe7 56. Nd5 Qd6 57. Qxh5 Re5 58. Qxg4+ Kf7
59. Nce3 Nf6 60. Nxf6 Qd2+ 61. Kh3 Qxe3 62. Nh5 Qh6 63. Qd7+ Kf8 64. Qc8+ Ke7
65. Qc7+ Kf8 66. Qb8+ Re8 67. Qb5 Re5 68. Qf1+ Ke7 69. g4 Rxh5+ 70. gxh5 Qxh5+
71. Kg3 Qg5+ 72. Kf3 Qf5+ 73. Ke2 Qe4+ 74. Kd2 Qxb4+ 75. Ke3 Qxa4 1/2-1/2

[Event "Masters' trophy"]
[Site "Brussels"]
[Date "1987.12.??"]
[Round "9"]
[White "Kouatly, Bachar"]
[Black "Fedorowicz, John Peter"]
[Result "1/2-1/2"]
[WhiteElo "2470"]
[BlackElo "2520"]
[WhiteTitle "IM"]
[Source "365chess.com"]
[EventDate "1987.12.20"]
[BlackTitle "GM"]

1. d4 Nf6 2. c4 d6 3. Nc3 Bf5 4. f3 e5 5. e4 exd4 6. Qxd4 Be6 7. b3 g6 8. Bb2
Nc6 9. Qd2 Bg7 10. Nge2 O-O 11. Ng3 h5 12. Be2 h4 13. Nf1 Nd7 14. Nd5 Bxb2
15. Qxb2 a5 16. Nfe3 Nb4 17. Rd1 Bxd5 18. Nxd5 Nxd5 19. Rxd5 Nf6 20. Rd1 Nh5
21. Qd2 Qf6 22. O-O Nf4 23. g3 hxg3 24. hxg3 Nxe2+ 25. Qxe2 Rfe8 26. Kg2 Kg7
27. Qd2 a4 28. b4 a3 29. Qd4 Ra4 30. Qxf6+ Kxf6 31. Rb1 b5 32. cxb5 Rb8 33. Rfc1
Rxb5 34. Rxc7 Raxb4 35. Rd1 Rb2+ 36. Kh3 Rb6 37. Ra7 Rxa2 38. Rd3 Rf2 39. Raxa3
1/2-1/2

[Event "Masters' trophy"]
[Site "Brussels"]
[Date "1987.12.??"]
[Round "9"]
[White "Kudrin, Sergey"]
[Black "Carlier, Bruno"]
[Result "1/2-1/2"]
[WhiteElo "2515"]
[BlackElo "2380"]
[WhiteTitle "GM"]
[Source "365chess.com"]
[EventDate "1987.12.20"]
[BlackTitle "FM"]

1. e4 c5 2. Nf3 Nc6 3. d4 cxd4 4. Nxd4 Qb6 5. Nb3 Nf6 6. Nc3 e6 7. Bd3 a6
8. O-O Qc7 9. f4 d6 10. Qf3 Be7 11. Bd2 O-O 12. Rae1 Nb4 13. e5 Nxd3 14. cxd3
dxe5 15. fxe5 Nd5 16. Qg3 Kh8 17. Nxd5 exd5 18. Rc1 Qd8 19. Qe3 Be6 20. Qd4 Rc8
21. Rxc8 Qxc8 22. Bb4 Qd7 23. Rc1 h6 24. Bxe7 Qxe7 25. Qc5 Re8 26. Qxe7 Rxe7
27. a4 Kh7 28. a5 Kg6 29. d4 f6 30. exf6 Kxf6 31. Rf1+ Kg6 32. Re1 Kf7 33. Kf2
Bd7 34. Rxe7+ Kxe7 35. Nc5 Bc6 36. Ke3 g5 37. Kf3 Kf6 38. Kg4 Kg6 39. g3 h5+
40. Kf3 Kf5 41. h4 Kf6 42. Nd3 Be8 43. Nb4 Bc6 44. Nc2 Bd7 45. Ne3 Be6 46. Ke2
Bf7 47. Kd2 gxh4 48. gxh4 Ke6 49. b4 Kd6 50. Nd1 Kc6 51. Nc3 Bg6 52. Ke3 Bf5
53. Kf4 Bg4 54. Ke5 Bf3 55. Ke6 Bg4+ 56. Ke7 Bf3 57. Kf6 Bg4 58. Kg6 Bf3 59. Kf5
Bg2 60. Kg5 Bf3 61. Kf4 Bg4 62. Kg5 Bf3 63. Kf5 Kd6 64. Kf4 Bg4 65. b5 axb5
66. Nxb5+ Kc6 67. Nc3 Kd6 68. Na2 Kc6 69. Nc3 Kd6 70. Na4 Be2 71. Kf5 Kc6
72. Nc3 Bg4+ 73. Ke5 Bf3 74. Ke6 Bg4+ 75. Ke7 Bf3 76. Kf6 Bg4 77. Kg6 Bf3
78. Kf7 Bg4 79. Kg7 Bf3 80. Kg6 Bg4 81. Kg5 Bf3 82. Kf4 Bg4 83. Ke3 Bf5 84. Kd2
Bg4 85. Kc2 Bf5+ 86. Kb3 Bg4 87. Kb4 Bf3 88. Na4 Be2 89. Nc5 Ba6 90. Ne6 Be2
91. Nf4 Bf3 92. Ng6 Be2 93. Ne7+ Kd6 94. Nf5+ Kc6 95. Ng3 Bg4 96. Nf1 Bd1
97. Ne3 Bf3 98. Ka4 Be4 99. Nf1 Bc2+ 100. Kb4 Bf5 101. Ne3 Be4 1/2-1/2

[Event "Masters' trophy"]
[Site "Brussels"]
[Date "1987.12.??"]
[Round "9"]
[White "Penson, Thierry"]
[Black "Scholz Solis, Guillermo"]
[Result "1/2-1/2"]
[WhiteElo "2265"]
[BlackElo "2310"]
[Source "365chess.com"]
[EventDate "1987.12.20"]
[BlackTitle "FM"]

1. e4 c6 2. d4 d5 3. Nd2 dxe4 4. Nxe4 Bf5 5. Ng3 Bg6 6. h4 h6 7. Nf3 Nd7 8. h5
Bh7 9. Bd3 Bxd3 10. Qxd3 Ngf6 11. Bd2 Qc7 12. O-O-O e6 13. Ne4 O-O-O 14. g3 Nxe4
15. Qxe4 Nf6 16. Qe2 Bd6 17. c4 c5 18. dxc5 Qxc5 19. Be3 Qc7 20. Kb1 Bc5
21. Bxc5 Qxc5 22. Ne5 Qc7 23. f4 Rxd1+ 24. Rxd1 Rd8 25. Rxd8+ Kxd8 26. g4 Ne8
27. Qd3+ Kc8 28. Qd4 f6 29. Nd3 Qc6 30. Qc5 Qxc5 31. Nxc5 Nc7 32. Kc2 b6 33. Nd3
Kd7 34. Kc3 Kd6 35. Kd4 Na6 36. b4 Nb8 37. c5+ bxc5+ 38. Nxc5 Nc6+ 39. Kc4 Ne7
40. Ne4+ Kd7 41. Nc3 f5 42. g5 e5 43. gxh6 gxh6 44. Ne2 Ke6 45. a4 Nd5 46. fxe5
Kxe5 47. b5 f4 48. a5 f3 49. Ng3 f2 50. Nf1 Kd6 51. Kd4 Nf6 52. Ng3 Kd7 53. Ke3
Nxh5 54. Kxf2 1/2-1/2

[Event "Masters' trophy"]
[Site "Brussels"]
[Date "1987.12.??"]
[Round "9"]
[White "Rajković, Dušan"]
[Black "Karólyi, Tibor"]
[Result "1-0"]
[WhiteElo "2480"]
[BlackElo "2435"]
[WhiteTitle "GM"]
[Source "365chess.com"]
[EventDate "1987.12.20"]
[BlackTitle "IM"]

1. d4 Nf6 2. c4 e6 3. Nf3 d5 4. g3 Bb4+ 5. Bd2 Be7 6. Bg2 O-O 7. O-O b6 8. Ne5
Bb7 9. Nc3 Qc8 10. cxd5 exd5 11. Qb3 Qe6 12. Rfe1 Nbd7 13. e4 dxe4 14. Qxe6 fxe6
15. Bh3 Nxe5 16. dxe5 Ne8 17. Bxe6+ Kh8 18. Nxe4 c5 19. Bc4 Nc7 20. Nd6 Bd5
21. Bxd5 Nxd5 22. Rad1 Nc7 23. Kg2 Rad8 24. Bc3 Kg8 25. a4 g6 26. Nb5 Nxb5
27. axb5 Kf7 28. e6+ Kg8 29. f4 Rfe8 30. Rd7 1-0